Country Names Containing a Letter - J - Statistics

General Stats
  • This quiz has been taken 146 times
  • The average score is 6 of 7
Answer Stats
Hint Country % Correct
1 x J Jamaica
93%
1 x J Japan
93%
1 x J Jordan
93%
1 x J Azerbaijan
86%
1 x J Djibouti
83%
1 x J Tajikistan
80%
1 x J Fiji
73%
No matching quizzes found
Score Distribution
Percent of People with Each Score
Percentile by Number Answered
Your Score History
You have not taken this quiz